01426cam a22003734a 4500999001700000001000900017003000400026005001700030008004100047010001700088020001800105020001500123035002000138040002300158042000800181050001900189060002200208082001200230100002900242245013400271246002800405250001200433260005500445300004600500650002800546650002200574650002500596700002100621856008200642906004500724942003800769952011900807952012600926 c26039d2603915022431OSt20170201163940.0070924s2009 caua 000 0 eng  a 2007039454 a9780321505972 a0321505972 a(DNLM)101317129 aDNLM/DLCcDLCdDLC apcc00aREF QM286 200910aQS 17bM386m 200900a6112221 aMartini, Frederic.d200910aMartini's atlas of the human body /cby Frederic H. Martini ; with William C. Ober, art coordinator and illustrator ... [et al.].30aAtlas of the human body a8th ed. aSan Francisco :bPearson Benjamin Cummings,c2009. avii, 151 p. :bill. (some col.) ;c28 cm. 0aHuman anatomyvAtlases.12aAnatomyvAtlases.22aPhysiologyvAtlases.1 aOber, William C.413Table of contents onlyuhttp://www.loc.gov/catdir/toc/ecip081/2007039454.html a7bcbccorignewd1eecipf20gy-gencatlg 2lcccBOOKShREF QM286 2009k31994 00102lcc4070aMUCbMUCcGENd2017-02-01eDonation(BFA)l0oREF QM286 2009p31994r2017-02-01w2017-02-01yBOOKS 00102lcc4070aMUCbMUCcTECHd2017-02-08eDonation(BFA)l0oREF QM 25 .M286 2009p35168r2017-02-08w2017-02-08yBOOKS